[Event "World Senior Women 2014"]
[Site "Katerini GRE"]
[Date "2014.10.24"]
[Round "1.7"]
[White "Mednikova, Svetlana"]
[Black "Baliuniene, Margarita"]
[Result "1-0"]
[WhiteTitle "WIM"]
[WhiteElo "2154"]
[BlackElo "1961"]
[WhiteFideId "4109961"]
[BlackFideId "12802760"]
[EventDate "2014.10.24"]

1. e4 c5 2. Nf3 g6 3. d4 cxd4 4. Qxd4 Nf6 5. Bb5 Nc6 6. Qa4 Bg7 7. Nc3 O-O 8. e5
Ne8 9. Bf4 a6 10. O-O-O Nc7 11. Bxc6 bxc6 12. h4 Ne6 13. Be3 f6 14. exf6 exf6
15. h5 g5 16. h6 Bh8 17. Nd4 Nxd4 18. Bxd4 Qc7 19. Bc5 Rf7 20. Rhe1 Bb7 21. Bd6
Qb6 22. Qc4 Rf8 23. Re7 Bc8 24. Rde1 Qd8 25. f4 gxf4 26. Qxf4 Rxe7 27. Rxe7 Rf7
28. Qg3+ Bg7 29. Rxf7 1-0

[Event "World Senior Women 2014"]
[Site "Katerini GRE"]
[Date "2014.10.26"]
[Round "3.4"]
[White "Ankudinova, Yelena"]
[Black "Lauterbach, Ingrid"]
[Result "1-0"]
[WhiteTitle "WGM"]
[BlackTitle "WIM"]
[WhiteElo "2121"]
[BlackElo "2095"]
[WhiteFideId "13702114"]
[BlackFideId "405221"]
[EventDate "2014.10.24"]

1. d4 d5 2. Nf3 c6 3. c4 Nf6 4. Qc2 g6 5. Bf4 Bf5 6. Qb3 Qb6 7. e3 Nbd7 8. Nbd2
Qxb3 9. Nxb3 Nh5 10. Be5 f6 11. Bg3 Nxg3 12. hxg3 Be6 13. Rc1 Bf7 14. Bd3 dxc4
15. Bxc4 Bxc4 16. Rxc4 e6 17. Ke2 Bd6 18. Nbd2 Kf7 19. g4 h6 20. g3 Rae8 21. Ne4
Bc7 22. Rb4 Rb8 23. Rc1 h5 24. g5 f5 25. Ned2 Bd6 26. Ra4 Ra8 27. Rac4 Nb6 28.
R4c2 Rhe8 29. Nc4 Nxc4 30. Rxc4 Re7 31. Rd1 Rd8 32. Nh4 Red7 33. f4 Bc7 34. b4
a6 35. Rdc1 Bb8 36. Nf3 Rd5 37. Ne1 a5 38. Rb1 Rb5 39. Nd3 axb4 40. Rcxb4 Rxb4
41. Rxb4 b5 42. Rb3 Bd6 43. Rc3 Ra8 44. Rxc6 Rxa2+ 45. Kf3 Ke7 46. Rb6 Rd2 47.
Ne5 Bxe5 48. fxe5 Rb2 49. d5 exd5 50. Rxg6 b4 51. Rb6 b3 52. g6 Rb1 53. Rb7+ Kf8
54. e6 b2 55. e7+ Ke8 56. g7 Rf1+ 1-0

[Event "World Senior Women 2014"]
[Site "Katerini GRE"]
[Date "2014.10.27"]
[Round "4.4"]
[White "Fatalibekova, Elena"]
[Black "Melashvili, Nino"]
[Result "1/2-1/2"]
[WhiteTitle "WGM"]
[BlackTitle "WIM"]
[WhiteElo "2215"]
[BlackElo "2135"]
[WhiteFideId "4106792"]
[BlackFideId "13600397"]
[EventDate "2014.10.24"]

1. e4 d5 2. exd5 Nf6 3. c4 c6 4. d4 cxd5 5. Nc3 Nc6 6. Bg5 dxc4 7. Bxc4 Qa5 8.
Bxf6 gxf6 9. d5 Ne5 10. Bb5+ Bd7 11. Bxd7+ Nxd7 12. Ne2 Nb6 13. Qb3 O-O-O 14.
Rd1 Rg8 15. O-O Kb8 16. Ng3 Qc5 17. Nce4 Qc4 18. d6 1/2-1/2

[Event "World Senior Women 2014"]
[Site "Katerini GRE"]
[Date "2014.10.28"]
[Round "5.1"]
[White "Mednikova, Svetlana"]
[Black "Kasoshvili, Tsiala"]
[Result "1/2-1/2"]
[WhiteTitle "WIM"]
[BlackTitle "WIM"]
[WhiteElo "2154"]
[BlackElo "2161"]
[WhiteFideId "4109961"]
[BlackFideId "13600354"]
[EventDate "2014.10.24"]

1. e4 c6 2. d4 d5 3. Nd2 g6 4. c3 Bg7 5. Bd3 Nd7 6. Ngf3 dxe4 7. Nxe4 Ngf6 8.
Nxf6+ Nxf6 9. O-O O-O 10. Ne5 Be6 11. Re1 Qd6 12. Qe2 Rfe8 13. Bg5 Rad8 14. Rad1
Qc7 15. Bh4 Qa5 16. Bc4 Bd5 17. b4 Qc7 18. Bd3 Be6 19. Qc2 Qc8 20. Bg5 Bf5 21.
Bxf5 Qxf5 22. Qxf5 gxf5 23. f3 Nd5 24. Bd2 f6 25. Nc4 e5 26. Ne3 f4 27. Nf5 Bf8
28. a3 b5 29. g3 fxg3 30. hxg3 Nb6 31. Kg2 Nc4 32. Bc1 a5 33. dxe5 Rxd1 34. Rxd1
Rxe5 35. g4 Re2+ 36. Kg3 Rc2 37. Bh6 Bxh6 38. Nxh6+ Kf8 39. Rd7 Ne5 40. Rd6 Rxc3
41. Rxf6+ Ke7 42. g5 Rxa3 43. bxa5 b4 44. Ng4 Rxa5 45. Nxe5 Rxe5 46. Rxc6 Rxg5+
47. Kf4 Rb5 48. Rh6 b3 49. Rxh7+ Kd6 50. Rh1 b2 51. Rb1 Kd5 52. Ke3 Kc4 53. f4
Kc3 54. Ke4 Kc2 55. Rxb2+ Rxb2 56. f5 Kc3 57. f6 Re2+ 58. Kd5 Kd3 59. f7 Rf2 60.
Ke6 Kd4 61. Ke7 Re2+ 62. Kd7 Rf2 63. Ke7 1/2-1/2

[Event "World Senior Women 2014"]
[Site "Katerini GRE"]
[Date "2014.11.02"]
[Round "9.7"]
[White "Bogumil, Tatiana"]
[Black "Baliuniene, Margarita"]
[Result "1-0"]
[WhiteTitle "WFM"]
[WhiteElo "2149"]
[BlackElo "1961"]
[WhiteFideId "4110579"]
[BlackFideId "12802760"]
[EventDate "2014.10.24"]

1. Nf3 d5 2. c4 e6 3. g3 c5 4. Bg2 Nf6 5. O-O Nc6 6. b3 Be7 7. Bb2 O-O 8. d3 d4
9. Nbd2 e5 10. b4 cxb4 11. a3 bxa3 12. Bxa3 Bxa3 13. Rxa3 Qe7 14. Qa1 Bf5 15.
Rb3 Rac8 16. Rb5 b6 17. Qb2 Nd7 18. Ra1 Nc5 19. Qa3 f6 20. Ne1 Na5 21. Nc2 Bd7
22. Rb2 Rfe8 23. Qb4 Bc6 24. Bh3 Rb8 25. f3 Ncb7 26. Qxe7 Rxe7 27. Nb4 Nc5 28.
Nxc6 Nxc6 29. Kf2 Kf7 30. Rb5 a5 31. Bf5 g6 32. Be4 Na7 33. Bd5+ Ke8 34. Rb2 Nd7
35. g4 Kd8 36. Ne4 Kc7 37. h4 Nc6 38. Bxc6 Kxc6 39. Rb5 f5 40. gxf5 gxf5 41. Ng3
Rf7 42. f4 exf4 43. Nxf5 Re8 44. Nxd4+ Kc7 45. Rg5 Nc5 46. Rag1 Ree7 47. Rg8 Re3
48. Nb5+ Kc6 49. Rc8+ Kd7 50. Rc7+ Ke6 51. Rc6+ Kd7 52. Rd6+ Ke7 53. Rxb6 Rh3
54. Nd4 f3 55. exf3 Nxd3+ 56. Ke3 Ne5 57. Rb7+ Kf6 58. Rxf7+ Kxf7 59. Rc1 Rxh4
60. c5 Rh2 61. c6 Nxc6 62. Rxc6 Ra2 63. Ke4 a4 64. Kf5 Rd2 65. Rc7+ Ke8 66. Ke5
h5 67. Ra7 Ra2 68. f4 a3 69. Ke6 Kf8 70. f5 Ra1 71. Ra8+ Kg7 72. f6+ Kg6 73.
Rg8+ Kh7 74. f7 Re1+ 75. Kd5 Re7 76. f8=Q a2 1-0